<?xml version="1.0" encoding="UTF-8"?>
<collection xmlns="http://www.loc.gov/MARC21/slim">
    <record>
        <controlfield tag="001">85132</controlfield>
        <controlfield tag="005">20191118101519.0</controlfield>
        <datafield tag="037" ind1=" " ind2=" ">
            <subfield code="a">TAZ-TFG-2019-3205</subfield>
        </datafield>
        <datafield tag="041" ind1=" " ind2=" ">
            <subfield code="a">spa</subfield>
        </datafield>
        <datafield tag="100" ind1="1" ind2=" ">
            <subfield code="a">García Rodríguez, Carla</subfield>
        </datafield>
        <datafield tag="242" ind1="0" ind2="0">
            <subfield code="a">Post-photography and photographer Joan Fontcuberta.</subfield>
        </datafield>
        <datafield tag="245" ind1="0" ind2="0">
            <subfield code="a">La Postfotografía y el fotógrafo Joan Fontcuberta.</subfield>
        </datafield>
        <datafield tag="260" ind1=" " ind2=" ">
            <subfield code="a">Zaragoza</subfield>
            <subfield code="b">Universidad de Zaragoza</subfield>
            <subfield code="c">2019</subfield>
        </datafield>
        <datafield tag="506" ind1=" " ind2=" ">
            <subfield code="a">by-nc-sa</subfield>
            <subfield code="b">Creative Commons</subfield>
            <subfield code="c">3.0</subfield>
            <subfield code="u">http://creativecommons.org/licenses/by-nc-sa/3.0/</subfield>
        </datafield>
        <datafield tag="520" ind1=" " ind2=" ">
            <subfield code="a">El siguiente Trabajo Fin de Grado tiene como finalidad estudiar el concepto de Postfotografía al igual que definir concretamente sus características y en qué contexto histórico surge. Las nuevas tecnologías trajeron consigo una renovación en el ámbito de las artes, y en el campo de la fotografía dio lugar a la transición del objeto físico al digital, por lo que el significado de fotografía como reflejo de la realidad se puso en duda ya que la tecnología permitió la modificación y manipulación de las imágenes. Se abre de este modo un gran debate sobre la función de este medio en la actualidad ya que vivimos en un mundo repleto de imágenes. Para poder reflexionar sobre este nuevo movimiento se tendrá como referente a uno de los mayores exponentes de la postfotografía; Joan Fontcuberta mostrando del mismo modo alguno de sus proyectos. &lt;br /></subfield>
        </datafield>
        <datafield tag="521" ind1=" " ind2=" ">
            <subfield code="a">Graduado en Historia del Arte</subfield>
        </datafield>
        <datafield tag="540" ind1=" " ind2=" ">
            <subfield code="a">Derechos regulados por licencia Creative Commons</subfield>
        </datafield>
        <datafield tag="700" ind1=" " ind2=" ">
            <subfield code="a">Lozano López, Juan Carlos</subfield>
            <subfield code="e">dir.</subfield>
        </datafield>
        <datafield tag="710" ind1="2" ind2=" ">
            <subfield code="a">Universidad de Zaragoza</subfield>
            <subfield code="b">Historia del Arte</subfield>
            <subfield code="c">Historia del Arte</subfield>
        </datafield>
        <datafield tag="856" ind1="0" ind2=" ">
            <subfield code="f">719659@celes.unizar.es</subfield>
        </datafield>
        <datafield tag="856" ind1="4" ind2=" ">
            <subfield code="s">1250371</subfield>
            <subfield code="u">http://zaguan.unizar.es/record/85132/files/TAZ-TFG-2019-3205.pdf</subfield>
            <subfield code="y">Memoria (spa)</subfield>
        </datafield>
        <datafield tag="909" ind1="C" ind2="O">
            <subfield code="o">oai:zaguan.unizar.es:85132</subfield>
            <subfield code="p">driver</subfield>
            <subfield code="p">trabajos-fin-grado</subfield>
        </datafield>
        <datafield tag="950" ind1=" " ind2=" ">
            <subfield code="a"></subfield>
        </datafield>
        <datafield tag="951" ind1=" " ind2=" ">
            <subfield code="a">deposita:2019-11-18</subfield>
        </datafield>
        <datafield tag="980" ind1=" " ind2=" ">
            <subfield code="a">TAZ</subfield>
            <subfield code="b">TFG</subfield>
            <subfield code="c">FFYL</subfield>
        </datafield>
        <datafield tag="999" ind1=" " ind2=" ">
            <subfield code="a">20190915180223.CREATION_DATE</subfield>
        </datafield>
    </record>

    
</collection>